Els Serveis personals a debat : jornades : Cerdanyola del Vallès octubre, novembre i desembre de 1995 jornades :
Publicado:
Cerdanyola del Vallès :
Patronat Flor de Maig, Diputació de Barcelona, CIFA, Centre d'Investigació, Formació i Assessorament, DL 1996
Descripción Física:
327 p. ; 23 cm
Materias:
Serveis municipals
MARC
| LEADER | 00000nam a2200000Ia 4500 | ||
|---|---|---|---|
| 001 | 16362 | ||
| 008 | 160829s9999 xx 000 0 cat d | ||
| 080 | |a S-1-201 | ||
| 245 | |a Els Serveis personals a debat : |b jornades : |b Cerdanyola del Vallès octubre, novembre i desembre de 1995 | ||
| 260 | |a Cerdanyola del Vallès : |b Patronat Flor de Maig, Diputació de Barcelona, CIFA, Centre d'Investigació, Formació i Assessorament, DL 1996 | ||
| 300 | |a 327 p. ; |c 23 cm | ||
| 590 | |a Ponències i intervencions de les jornades | ||
| 650 | 0 | |a Serveis municipals |9 42282 | |
| 710 | 2 | |a Centre d'Investigació, Formació i Assessorament |9 53068 | |
| 901 | |a Arxiu | ||
| 942 | |n 1 |2 udc | ||
| 952 | |0 0 |1 0 |4 0 |6 S1201 |7 1 |9 47820 |a Arxiu |b Arxiu |d 2016-12-01 |l 0 |o S-1-201 |p 16362 |r 2016-12-01 00:00:00 |w 2016-12-01 |y ARXIU | ||
| 999 | |c 51619 |d 51619 | ||